Reflexães a cerca das estructuras psíquicas e a prática do ciberbullying no contexto da escola /
Guardat en:
| Autor principal: | |
|---|---|
| Altres autors: | , |
| Format: | Text |
| Etiquetes: |
Afegir etiqueta
Sense etiquetes, Sigues el primer a etiquetar aquest registre!
|
MARC
| LEADER | 00000 a a2200000 04500 | ||
|---|---|---|---|
| 001 | 47183 | ||
| 003 | |||
| 040 | |||
| 100 | |a Azevedo, Jefferson Cabral | ||
| 245 | |a Reflexães a cerca das estructuras psíquicas e a prática do ciberbullying no contexto da escola / |c Jefferson Cabral Azevedo, Fabiana Aguilar de Miranda, Carlos Enrique Medeiros de Souza | ||
| 700 | |a Miranda, Fabiana Aguilar de | ||
| 700 | |a Souza, Carlos Enrique Medeiros de | ||
| 773 | |a volumen35, número2, (2012), páginas 247-265 | ||
| 999 | |c 33898 |d 33898 | ||
